| 000 | 00935nam a2200301 i 4500 | ||
|---|---|---|---|
| 001 | 000044836 | ||
| 003 | DO-SdBNP | ||
| 005 | 20260310084629.0 | ||
| 007 | ta | ||
| 008 | 150114s2014 pr 000 f spa d | ||
| 020 | _a9789945581287 | ||
| 040 |
_aDO-SdBNP _bspa _cBNPHU _erda |
||
| 041 | _aspa | ||
| 082 | 4 |
_aPR863.44 _bD542t _222 |
|
| 100 | 1 |
_aDíaz Valcárcel, Emilio, _d1929-2015 _eautor _4aut. _979053 |
|
| 245 | 1 | 3 |
_aEl tiempo airado : _b(novela) / _cEmilio Díaz Valcárcel. |
| 264 | 1 |
_aSan Juan, Puerto Rico : _bIsla Negra, _c2014. |
|
| 300 |
_a238 páginas ; _c22 cm. |
||
| 336 |
_atexto _btxt _2rdacontent |
||
| 337 |
_asin mediación _bn _2rdamedia |
||
| 338 |
_avolumen _bnc _2rdacarrier |
||
| 490 | 1 | _aLa montaña de papel | |
| 590 | _aInventariado, 2020/MAA | ||
| 650 | 4 |
_aNovela puertorriqueña _91185 |
|
| 650 | 4 |
_aLiteratura puertorriqueña _9250 |
|
| 910 | _aValidado. Control de calidad MFF | ||
| 942 |
_2ddc _cLBS1 |
||
| 999 |
_c44325 _d44325 |
||